000
00214nam a22000857a 4500
008
161205b xxu||||| |||| 00| 0 eng d
100
_9
1799
_a
Wells.H.G.
245
_a
The Invisible Man-XII
260
_a
New Delhi
_b
APC
_c
2016
999
_c
4508
_d
4508